Pokémon - Les attaques de Minidraco - Statistiques

Statistiques générales
  • Ce quiz a été pris 19 fois
  • Le résultat moyen est 10 sur 14
Statistiques - réponses
Niveaux Types Noms des attaques % Correct
Niveau 10 Électrique Cage Éclair
100%
Niveau 50 Dragon Danse Draco
87%
Niveau 20 Psy Hâte
87%
Niveau 15 Dragon Draco-Queue
80%
Départ Normal Ligotage
80%
Niveau 5 Dragon Ouragan
80%
Niveau 60 Normal Ultralaser
80%
Niveau 55 Dragon Colère
73%
Niveau 35 Dragon Draco-Charge
73%
Départ Normal Groz'Yeux
73%
Niveau 45 Eau Danse Pluie
67%
Niveau 30 Eau Hydro-Queue
67%
Niveau 25 Normal Souplesse
60%
Niveau 40 Normal Rune Protect
40%
Aucun quiz correspondant
Distribution des résultats
% des personnes avec chaque résultat
Percentile par nombre de réponses
Votre historique - résultats
Vous n’avez pas pris ce quiz